| 000 | 01647aam a2200373 a 4500 | ||
|---|---|---|---|
| 003 | BLK | ||
| 005 | 20250708124201.0 | ||
| 008 | 181012b bu ||||| |||| 00| 0 bu d | ||
| 020 | _a978-619-199-286-7 | ||
| 020 | _a3800083822448 | ||
| 040 | _aBLK | ||
| 041 |
_aBUL _cBUL |
||
| 080 |
_aПострояване и монтаж на временни дървени конструкции _b694.3 _x:087.5 _z694.3:087.5 |
||
| 100 |
_aПрус, Даниела _eпърви автор _91299 |
||
| 139 |
_aПрус, Даниела _bП 92 |
||
| 245 |
_aДа направим къщичка от дърво _bЕнциклопедия за най-малките : С повдигащи се капачета на всяка страница _cДаниела Прус |
||
| 260 |
_bФют _c2018 _aСофия |
||
| 300 |
_a16 с. _bс цв. ил. _c20 см |
||
| 380 | _aDN | ||
| 490 |
_9208015 _aПоредица Защо? Какво? Как? _v25 |
||
| 500 | _aКор. опис. - Ориг. загл.: Unser Werkzeug / text Daniela Prusse. - Кн. отпеч. на ламиниран картон | ||
| 653 | 7 |
_9187705 _aинструменти |
|
| 653 | 7 |
_9185660 _aдърводелство |
|
| 653 | 7 |
_9184826 _aдетска литература |
|
| 700 |
_9599 _aНилендер, Петер _eил. |
||
| 700 | 1 |
_aПалазова, Розалина Борилова _gЖурналист. Преводач от немски език. _9105705 |
|
| 942 |
_cKNG _2udc _n0 _083 _s1 |
||
| 944 |
_k30560 _lГеновева Генчева |
||
| 999 |
_c323058 _d323058 |
||
| 999 | _d323058 | ||
| 999 | _d323058 | ||
| 999 | _d323058 | ||
| 999 | _d323058 | ||
| 999 | _d323058 | ||